Pixelated Movie Posters II Quiz Stats

 Plays Quiz Updated Apr 21, 2017

Support Sporcle.
Go Orange.
Score 0/20 Timer 06:00
0 Plays Today
% Correct
Toy Story
99.7%
The Terminator
93.7%
Grease
91.7%
Frozen
88.7%
Titanic
82.2%
Forrest Gump
81%
Dirty Dancing
76.3%
Top Gun
75.1%
Scarface
73%
The Breakfast Club
71.5%
% Correct
Pixels
66%
Interstellar
63%
Breakfast at Tiffany's
59.4%
12 Years a Slave
57.6%
Reservoir Dogs
41.8%
Casablanca
38.4%
Easy Rider
37.1%
Fifty Shades of Grey
35.4%
Rogue One: A Star Wars Story
31.7%
2001: A Space Odyssey
26.2%

You're not logged in!

Compare scores with friends on all Sporcle quizzes.
OR
Log In
Forgot?

From the Vault

10 Words, 20 Definitions IX

by DesertSpartan

Hopefully you don't find this quiz too ruff.
Remove Ads.
Support Sporcle.
Get the best of Sporcle when you Go Orange. This ad-free experience offers more features, more stats, and more fun while also helping to support Sporcle. Thank you for becoming a member.

Show Comments

Extras

Top Quizzes Today


Score Distribution

Your Account Isn't Verified!

In order to create a playlist on Sporcle, you need to verify the email address you used during registration. Go to your Sporcle Settings to finish the process.

Report this User

Report this user for behavior that violates our Community Guidelines.

Details: